Complete the Mario Kart Track - Statistics

General Stats
  • This quiz has been taken 113 times
  • The average score is 16 of 20
Answer Stats
Hint Answer % Correct
Rainbow _____ Road
98%
_____ Castle Bowser's
96%
Mario _____ 1 Circuit
89%
_____ Gorge Mushroom
89%
_____ Treeway Maple
85%
_____ Ice World Rosalina's
85%
Thwomp _____ Ruins
83%
_____ Airport Sunshine
83%
Cheese _____ Land
81%
_____ Highway Moonview
81%
Waluigi _____ Pinball
81%
_____ Desert Kalimari
80%
Cheep Cheep _____ Lagoon
77%
Airship _____ Fortress
74%
Shroom _____ Ridge
74%
_____ Boardwalk Banshee
73%
_____ Cruiser Daisy
71%
Wuhu _____ Loop
68%
_____ Colosseum Wario
64%
Broken _____ Pier
52%
No matching quizzes found
Score Distribution
Percent of People with Each Score
Percentile by Number Answered
Your Score History
You have not taken this quiz